| 000 | 00574nam a22001937a 4500 | ||
|---|---|---|---|
| 003 | OSt | ||
| 005 | 20220107122824.0 | ||
| 008 | 170324b xxu||||| |||| 00| 0 eng d | ||
| 040 | _cIIITMK | ||
| 100 |
_aShalu George _911488 |
||
| 245 | _aMapping of floral diversity in northern western ghats | ||
| 300 | _aMphil EI - Main | ||
| 502 |
_bMPHIL EI _c2015-16 _dINT _eDr. R. Jaishanker _fDr T V Ramachandra IISc, Bangalore |
||
| 650 |
_aECOLOGY _911489 |
||
| 650 |
_aWESTERN GHATS _911490 |
||
| 650 |
_aNDVI ANALYSIS _911491 |
||
| 650 |
_aFLORAL CATEGORY _911492 |
||
| 942 |
_2ddc _cPR |
||
| 999 |
_c5562 _d5562 |
||